000 003160000a22000970004500
100 1 _aNoll, K.L.
245 1 0 _aIs there a text in this tradition? Readers' response and the taming of Samuel's God
300 _aVol.0, núm.83 (1999), Páginas 31-51
773 0 _tJournal for the Study of the Old Testament
942 _cANA
999 _c60264
_d60264